Chemical engineering kinetics (Record no. 6589)

000 -LEADER
fixed length control field 00510nam a2200193 4500
001 - CONTROL NUMBER
control field 6589
003 - CONTROL NUMBER IDENTIFIER
control field BD-DhUET
008 - FIXED-LENGTH DATA ELEMENTS--GENERAL INFORMATION
fixed length control field 700825s1970 nyua b 001 0 eng
040 ## - CATALOGING SOURCE
Transcribing agency 0
Modifying agency BD-DhUET
Original cataloging agency DLC
082 00 - DEWEY DECIMAL CLASSIFICATION NUMBER
Classification number 541.39
Item number SMI/1970
100 ## - MAIN ENTRY--PERSONAL NAME
Personal name Smith, J. M.
245 10 - TITLE STATEMENT
Title Chemical engineering kinetics
250 ## - EDITION STATEMENT
Edition statement 2nd ed.
260 ## - PUBLICATION, DISTRIBUTION, ETC. (IMPRINT)
Place of publication, distribution, etc. New York
Name of publisher, distributor, etc. McGraw-Hill
Date of publication, distribution, etc. 1970
300 ## - PHYSICAL DESCRIPTION
Extent xviii, 612p.
Other physical details ill.
490 0# - SERIES STATEMENT
Series statement McGraw-Hill chemical engineering series
650 #0 - SUBJECT ADDED ENTRY--TOPICAL TERM
Topical term or geographic name as entry element Kinetics : Physical chemistry
942 ## - ADDED ENTRY ELEMENTS (KOHA)
Koha item type General Book
Holdings
Sublocation or collection (holding branch) Koha normalized classification for sorting Piece designation (barcode) Not for loan Withdrawn status Source of classification or shelving scheme Koha full call number Date acquired Koha item type Shelving location Location (home branch) Lost status Copy number Koha date last seen Damaged status Price effective from
Central Library, BUET541_390000000000000_SMI_197084576   541.39/SMI/19702014-12-04General BookCirculation sectionCentral Library, BUET 12014-12-04 2014-12-04
Central Library, BUET541_390000000000000_SMI_197029865   541.39/SMI/19702014-12-12General BookCirculation sectionCentral Library, BUET 22014-12-12 2014-12-12
Central Library, BUET541_390000000000000_SMI_197029867   541.39/SMI/19702014-12-12General BookCirculation sectionCentral Library, BUET 32014-12-12 2014-12-12
Central Library, BUET541_390000000000000_SMI_197029863   541.39/SMI/19702014-12-12General BookCirculation sectionCentral Library, BUET 42014-12-12 2014-12-12
Central Library, BUET541_390000000000000_SMI_197029871   541.39/SMI/19702015-03-11General BookCirculation sectionCentral Library, BUET 52015-03-11 2015-03-11
Central Library, BUET541_390000000000000_SMI_197029868   541.39/SMI/19702015-03-14General BookCirculation sectionCentral Library, BUET 62015-03-14 2015-03-14
Central Library, BUET541_390000000000000_SMI_197037045   541.39/SMI/19702015-03-14General BookCirculation sectionCentral Library, BUET 72015-03-14 2015-03-14
Central Library, BUET541_390000000000000_SMI_197029869   541.39/SMI/19702015-04-23General BookCirculation sectionCentral Library, BUET 82015-04-23 2015-04-23
Central Library, BUET541_390000000000000_SMI_197029859   541.39/SMI/19702015-04-23General BookCirculation sectionCentral Library, BUET 92015-04-23 2015-04-23
Central Library, BUET541_390000000000000_SMI_197029870   541.39/SMI/19702015-04-26General BookCirculation sectionCentral Library, BUET 102015-04-26 2015-04-26
Central Library, BUET541_390000000000000_SMI_197029861   541.39/SMI/19702015-04-26General BookCirculation sectionCentral Library, BUET 112015-04-26 2015-04-26
Central Library, BUET541_390000000000000_SMI_197025967   541.39/SMI/19702015-04-27General BookCirculation sectionCentral Library, BUET 122015-04-27 2015-04-27
Central Library, BUET541_390000000000000_SMI_197029860   541.39/SMI/19702015-04-27General BookCirculation sectionCentral Library, BUET 132015-04-27 2015-04-27
Central Library, BUET541_390000000000000_SMI_197029862   541.39/SMI/19702015-06-08Reading ItemReading sectionCentral Library, BUET 142015-06-08 2015-06-08
Central Library, BUET541_390000000000000_SMI_197029866   541.39/SMI/19702015-06-08Reading ItemReading sectionCentral Library, BUET 152015-06-08 2015-06-08
Central Library, BUET541_390000000000000_SMI_197029872   541.39/SMI/19702015-06-08Reading ItemReading sectionCentral Library, BUET 162015-06-08 2015-06-08
Central Library, BUET541_390000000000000_SMI_197029864   541.39/SMI/19702015-06-08Reading ItemReading sectionCentral Library, BUET 172015-06-08 2015-06-08